| LEADER |
00935nam0a2200217 450 |
| 001 |
16867941 |
| 010 |
|
|
|a 978-2-7002-3791-7
|b Br.
|d 6,3
|
| 100 |
|
|
|a 20100612d2010 u u0frey01 ba
|
| 101 |
0 |
|
|a fre
|
| 102 |
|
|
|a FR
|
| 200 |
0 |
|
|a si terrible secret (Un)
|f Evelyne Brisou-Pellen
|
| 205 |
|
|
|a Nouv. éd.
|
| 207 |
|
1 |
|a
|
| 210 |
|
|
|a Paris
|c Rageot
|d 2010
|
| 215 |
|
|
|a 1 vol. (150 p.)
|d 18 cm
|
| 225 |
1 |
|
|a Rageot romans
|v 199
|x 1951-5758
|
| 330 |
|
|
|a Nathanaëlle voudrait bien comprendre. Que s'est-il passé cette nuit de Noël durant laquelle ses grands-parents ont été retrouvés noyés, à deux pas de leur maison ? Profitant des vacances de Pâques, elle décide de se rendre sur place pour tenter d'élucider le mystère.
|
| 700 |
|
0 |
|a Brisou-Pellen
|b Evelyne
|f 1947-....
|4 70
|
| 900 |
|
|
|a Roman (enfants)
|
| 901 |
|
|
|a Jeunesse
|
| 995 |
|
|
|a Médiathèque
|c Médiathèque
|f 00156008186306
|h 00156008186306
|k E BRI
|o p
|q j
|r az
|e Médiathèque
|